000 00519nam a22002057a 4500
001 8222
003 OSt
005 20140908131111.0
008 140908b xxu||||| |||| 00| 0 eng d
020 _a911722009
040 _aDDC
_cDDC
082 _a658.3
100 _4Alfred, Lateiner
245 _aModern techniques of supervision
_cAlfred Lateiner
260 _aN.J.
_bLateiner Publishing
_cc1968
300 _axv,207p.
_c21cm
500 _aIncludes index
600 _2Management,Personnel management
942 _2ddc
_cBK
999 _c70
_d70